| 000 | 00743nam a2200289Ia 4500 | ||
|---|---|---|---|
| 005 | 20260324134103.0 | ||
| 008 | 008 260324s9999 xx 000 0 eng d | ||
| 020 | _a9781003444893 | ||
| 037 | _aEBOOK | ||
| 040 | _aCRL | ||
| 040 | _beng | ||
| 040 | _cCRL | ||
| 041 | _2eng | ||
| 041 | _aeng | ||
| 084 | _qCRL | ||
| 100 |
_aRichard Devine; Joseph A. Favazza; F. Michael McLain _91195520 |
||
| 245 | 0 | _aFrom Cloister To Commons | |
| 245 | 0 | _bConcepts and Models for Service Learning in Religious Studies | |
| 260 | _bTaylor and Francis | ||
| 260 | _c2002 | ||
| 365 | _a | ||
| 365 | _b145 | ||
| 856 | _uhttp://www.taylorfrancis.com/books/9781003444893 | ||
| 942 | _cEBOOK | ||
| 999 |
_c1795216 _d1795216 |
||